000 00375nam a22001337a 4500
020 _a9780470472309
082 _a371.3344678 SHA
100 _aShank, Patti
245 _aThe Online Learning Idea Book Proven Ways to Enhance Technology-Based and Blended Learning.
260 _aUSA
_bPfeiffer
_c2011
300 _a24 cm
650 _aComputer-assisted instruction
942 _cBK
999 _c12829
_d12829